000 00848naa a22002657u 4500
001 03287
003 HDC
007 cr bn ---aaaaa
008 210106t2003 cc 000 0 eng
040 _aHDC
245 0 _aFFTC Research Highlights. n March 2003, No. 2003-8
260 _aChina:
_b[publisher not identified],
_c2003
300 _a2 pages
336 _atext
_2rdacontent
337 _acomputer
_2rdamedia
338 _aonline resource
_2rdacarrier
500 _avarious articles inside
650 _aAgriculture industry
_92340
650 _aFarming
_92402
650 _aOrganic agriculture
_92401
856 _zRequest full-text at [email protected]
942 _2lcc
942 _cEIJ
942 _kEMAG 000144
999 _c673
_d673